000 01466cam a2200145 4500500
005 20260405051014.0
041 _afre
042 _adc
100 1 0 _aHamus-Vallée, Réjane
_eauthor
700 1 0 _aRenouard, Caroline
_eauthor
245 0 0 _aLes effets spéciaux au cinéma : 120 ans de créations en France et dans le monde
260 _bArmand Colin,
_c2018.
520 _aDès sa naissance, l’industrie du cinéma rivalise d’audace pour exprimer les idées visuelles les plus singulières en concevant et en expérimentant des effets spéciaux spectaculaires qui marquent le spectateur, conscient et souvent ravi de leurs présences. Or, les dinosaures, superhéros et autres sorciers ne constituent qu’un pan du champ des effets spéciaux. D’autres trucages, imperceptibles pour le public, servent aussi à optimiser un budget décoration, à contourner des contraintes logistiques, à contrôler les aléas d’un tournage…Cet ouvrage offre un éclairage inédit sur 120 ans de créations à travers le monde, notamment en France où originalité et inventivité sont de mise, et en questionne les enjeux technologiques, esthétiques et économiques. Une référence indispensable pour l’étudiant ou le lecteur curieux de découvrir ces univers fertiles et passionnants, et de revisiter le cinéma sous un nouveau jour.
856 4 1 _uhttps://shs.cairn.info/les-effets-speciaux-au-cinema--9782200619824?lang=fr&redirect-ssocas=7080
999 _c2174631
_d2174631